Loki Season 2 Characters - Statistics

General Stats
  • This quiz has been taken 98 times
    71 since last reset
  • The average score is 10 of 16
Answer Stats
Hint Answer % Correct
God of mischief Loki
100%
TVA agent Mobius
95%
Hunter who wants to the TVA to change Hunter B-15
90%
Loki variant who killed He Who Remains Sylvie
89%
TVA agent who fixes technology Ouroboros
84%
Scientist and Kang variant Victor Timely
81%
TVA AI who loves Victor Timely Miss Minutes
76%
Ex-TVA judge who found above Ravonna Renslayer
76%
Kang variant who used to run the TVA He Who Remains
73%
Above's actor name Brad Wolfe
47%
TVA agent who Loki met in the past Casey
47%
TVA general who wants to find Sylvie General Dox
42%
Above's real name Don
27%
TVA hunter who betrayed the TVA Hunter X-05
19%
Judge who sides with Hunter B-15 Judge Gamble
13%
Man who wanted to do business with Victor Robber Baron
6%
No matching quizzes found
Score Distribution
Percent of People with Each Score
Percentile by Number Answered
Your Score History
You have not taken this quiz since the last reset